| 000 | 00000nam##2200000za#4500 |
| 001 | 9.575964 |
| 003 | CaOODSP |
| 005 | 20210624184921 |
| 007 | cr ||||||||||| |
| 008 | 150406|2011||||xxc|||||o f|0| 0 eng|d |
| 040 | |aCaOODSP|beng |
| 043 | |an-cn--- |
| 086 | 1 |aA12-1/2-2011E-PDF |
| 110 | 1 |aCanada. |bAgriculture and Agri-Food Canada. |
| 245 | 10|aWatershed Evaluation of Beneficial Management Practices (WEBs) : |h[electronic resource]|bstudy yields key insights into BMP performance |
| 260 | |aOttawa - Ontario : |bAgriculture and Agri-Food Canada |cc2011. |
| 300 | |a5p.|bfig., map, photographs |
| 490 | 1 |aWEBs fact sheet|vNo. 2 |
| 590 | |a13-05-Supp|b2013-02-27 |
| 775 | 08|tÉvaluation des pratiques de gestion bénéfiques à l'échelle des bassins hydrographiques (EPBH) : |w(CaOODSP)9.605338 |
| 830 | #0|aWEBs fact sheet ;|vNo. 2|w(CaOODSP)9.507135 |
| 856 | 40|ahttp://publications.gc.ca|qPDF|s462 KB|uhttps://publications.gc.ca/collections/collection_2013/aac-aafc/A12-1-2-2011-eng.pdf|yNo. 2 |
| 986 | |aAAFC No. 11638E |